Elements of the Periodic Table by Symbol - Statistics

General Stats
  • This quiz has been taken 13,946 times
  • The average score is 42 of 57
Answer Stats
Hint Answer % Correct
H Hydrogen
99%
Li Lithium
99%
K Potassium
95%
Mg Magnesium
94%
Na Sodium
94%
Au Gold
90%
Fe Iron
90%
O Oxygen
89%
Zn Zinc
89%
Ca Calcium
88%
Al Aluminum
87%
C Carbon
87%
Ag Silver
87%
N Nitrogen
86%
Cu Copper
84%
He Helium
83%
B Boron
82%
Si Silicon
82%
Co Cobalt
81%
Ni Nickel
80%
Ar Argon
79%
Pb Lead
78%
Cl Chlorine
77%
S Sulfur
76%
U Uranium
76%
Xe Xenon
76%
Cs Caesium
75%
Kr Krypton
75%
Mn Manganese
75%
I Iodine
74%
Ne Neon
74%
Be Beryllium
73%
Fr Francium
73%
Ba Barium
72%
Rb Rubidium
72%
Ra Radium
71%
Br Bromine
69%
Hg Mercury
69%
Ge Germanium
68%
P Phosphorus
68%
Cd Cadmium
67%
Ir Iridium
64%
Zr Zirconium
64%
Cr Chromium
63%
W Tungsten
63%
As Arsenic
62%
F Fluorine
62%
Se Selenium
61%
Sn Tin
60%
Sr Strontium
58%
Rn Radon
57%
Pu Plutonium
55%
Bi Bismuth
52%
Po Polonium
49%
Sb Antimony
40%
Te Tellurium
40%
At Astatine
38%
No matching quizzes found
Score Distribution
Percent of People with Each Score
Percentile by Number Answered
Your Score History
You have not taken this quiz